[Event "Verona-chT Serie C/9 51st"]
[Site "Verona"]
[Date "2019.03.17"]
[Round "5.1"]
[White "Tagliaferri, Valerio"]
[Black "Galliera, Dino"]
[Result "0-1"]
[WhiteElo "1854"]
[BlackElo "1784"]
[PlyCount "112"]
[EventDate "2019.03.15"]
[EventType "team-tourn"]
[EventRounds "5"]
[EventCountry "ITA"]
[SourceTitle "EXT 2022"]
[Source "ChessBase"]
[SourceDate "2021.10.06"]
[SourceVersion "1"]
[SourceVersionDate "2021.10.06"]
[SourceQuality "1"]
[WhiteTeam "Lodi Wasken Boys"]
[BlackTeam "Rovigo"]
[WhiteTeamCountry "ITA"]
[BlackTeamCountry "ITA"]

1. e4 c5 2. Nf3 Nc6 3. Bb5 e6 4. 0-0 Nge7 5. Re1 a6 6. Bf1 d5 7. e5 g6 8. c3 Bg7 9. d4 cxd4 10. cxd4 0-0 11. Na3 b5 12. Nc2 b4 13. Bg5 h6 14. Bf4 a5 15. Qd2 Kh7 16. Ne3 Ba6 17. Bxa6 Rxa6 18. Rac1 Qb6 19. h4 Rc8 20. Rc2 Ra7 21. Rec1 Rac7 22. Ng4 Nf5 23. Nf6+ Kh8 24. g4 Nfxd4 25. Nxd4 Nxd4 26. Rxc7 Rxc7 27. Rxc7 Nf3+ 28. Kg2 Nxh4+ 29. Kh3 Qxc7 30. Kxh4 g5+ 31. Bxg5 Qxe5 32. f4 hxg5+ 33. fxg5 Bxf6 34. gxf6 Qxf6+ 35. g5 Qe5 36. Qf2 Kg7 37. Kg4 Qf5+ 38. Qxf5 exf5+ 39. Kxf5 d4 40. Ke4 Kg6 41. Kxd4 Kxg5 42. Kc5 f5 43. Kb5 f4 44. Kxa5 f3 45. Kxb4 f2 46. Ka5 f1Q 47. b4 Qf2 48. a4 Qa7+ 49. Kb5 Kf5 50. a5 Ke6 51. a6 Kd6 52. Ka5 Kc7 53. b5 Qb6+ 54. Ka4 Kd6 55. Kb4 Kd5 56. Ka4 Kc5 0-1

[Event "Crema op-B 17th"]
[Site "Crema"]
[Date "2016.09.03"]
[Round "4"]
[White "Tagliaferri, Valerio"]
[Black "Peloni, Davide"]
[Result "0-1"]
[WhiteElo "1785"]
[BlackElo "1587"]
[PlyCount "36"]
[EventDate "2016.09.02"]
[EventType "swiss"]
[EventRounds "6"]
[EventCountry "ITA"]
[SourceTitle "EXT 2018"]
[Source "ChessBase"]
[SourceDate "2017.10.13"]
[SourceVersion "1"]
[SourceVersionDate "2017.10.13"]
[SourceQuality "1"]

1. c4 e5 2. Nc3 Nc6 3. g3 f5 4. Bg2 Nf6 5. e3 Bc5 6. d3 d6 7. Nge2 0-0 8. a3 Qe8 9. b4 Bb6 10. 0-0 Qh5 11. h3 f4 12. exf4 Bxh3 13. fxe5 Bxg2 14. Kxg2 Ng4 15. f4 Qh2+ 16. Kf3 Ncxe5+ 17. Ke4 Qg2+ 18. Rf3 Qxf3# 0-1

[Event "Crema op 16th"]
[Site "Crema"]
[Date "2015.09.05"]
[Round "4"]
[White "Tagliaferri, Valerio"]
[Black "Trifoni, Giorgio"]
[Result "1-0"]
[WhiteElo "1830"]
[BlackElo "1644"]
[PlyCount "75"]
[EventDate "2015.09.04"]
[EventType "swiss"]
[EventRounds "6"]
[EventCountry "ITA"]
[SourceTitle "EXT 2024"]
[Source "ChessBase"]
[SourceDate "2023.10.10"]
[SourceVersion "1"]
[SourceVersionDate "2023.10.10"]
[SourceQuality "1"]

1. d4 Nf6 2. c4 c5 3. d5 b5 4. cxb5 a6 5. e3 Qa5+ 6. Bd2 Qb6 7. Nc3 axb5 8. Bxb5 Ba6 9. Qa4 Ra7 10. Qc4 Bxb5 11. Nxb5 Rb7 12. a4 g6 13. Ne2 Bg7 14. Nec3 0-0 15. 0-0 Ne8 16. e4 Nd6 17. Nxd6 Qxd6 18. Nb5 Qb6 19. Bc3 d6 20. g3 Na6 21. Kg2 Bxc3 22. bxc3 f5 23. Rfb1 Qa5 24. Rb3 fxe4 25. Rab1 Nc7 26. Nxc7 Rxb3 27. Rxb3 Qxc7 28. Qxe4 Qd7 29. Ra3 Ra8 30. a5 Kg7 31. c4 Qb7 32. Qe1 Ra7 33. Qc3+ Kf7 34. Rb3 Qd7 35. Qf3+ Ke8 36. Rb8+ Qd8 37. Rxd8+ Kxd8 38. Qb3 1-0

[Event "Crema op 16th"]
[Site "Crema"]
[Date "2015.09.04"]
[Round "2"]
[White "Folcini, Gaddo"]
[Black "Tagliaferri, Valerio"]
[Result "0-1"]
[WhiteElo "1585"]
[BlackElo "1830"]
[PlyCount "66"]
[EventDate "2015.09.04"]
[EventType "swiss"]
[EventRounds "6"]
[EventCountry "ITA"]
[SourceTitle "EXT 2024"]
[Source "ChessBase"]
[SourceDate "2023.10.10"]
[SourceVersion "1"]
[SourceVersionDate "2023.10.10"]
[SourceQuality "1"]

1. e4 e6 2. d4 b6 3. Nf3 Bb7 4. Be2 Bxe4 5. Nc3 Bb7 6. 0-0 Nf6 7. Bg5 Be7 8. Qd2 h6 9. Bxf6 Bxf6 10. Rae1 0-0 11. Qf4 d6 12. Ne4 Nd7 13. Qg3 Bxe4 14. Bd1 Bb7 15. c3 e5 16. Re3 e4 17. Nd2 Bg5 18. f4 exf3 19. Rd3 Ba6 20. c4 fxg2 21. Qxg2 Bxd2 22. Rg3 Bg5 23. h4 f6 24. Qd5+ Kh8 25. Bc2 Qe8 26. hxg5 fxg5 27. Rxf8+ Nxf8 28. Be4 Rb8 29. Qf5 Qe6 30. Qf3 Re8 31. Bd5 Qe1+ 32. Kh2 Re2+ 33. Kh3 Bc8+ 0-1

[Event "Milan Palladino Memorial-A 7th"]
[Site "Milan"]
[Date "2015.04.05"]
[Round "5"]
[White "Cavalleri, Giuseppe"]
[Black "Tagliaferri, Valerio"]
[Result "1-0"]
[WhiteElo "1802"]
[BlackElo "1820"]
[PlyCount "69"]
[EventDate "2015.04.02"]
[EventType "swiss"]
[EventRounds "7"]
[EventCountry "ITA"]
[SourceTitle "EXT 2017"]
[Source "ChessBase"]
[SourceDate "2016.10.25"]
[SourceVersion "1"]
[SourceVersionDate "2016.10.25"]
[SourceQuality "1"]

1. d4 Nf6 2. Nc3 e6 3. e4 d5 4. e5 Nfd7 5. Nce2 c5 6. c3 Nc6 7. f4 Be7 8. Nf3 0-0 9. g3 b6 10. Bg2 a5 11. 0-0 Ba6 12. Re1 Bxe2 13. Rxe2 b5 14. Be3 c4 15. g4 b4 16. h3 a4 17. Nd2 Qc7 18. Nf1 Rfb8 19. f5 a3 20. Bc1 Qa5 21. Qd2 h6 22. f6 gxf6 23. exf6 bxc3 24. bxc3 Bxf6 25. Ng3 Bg5 26. Qc2 Qd8 27. Rxe6 fxe6 28. Qg6+ Kh8 29. Qxe6 Nf8 30. Qxc6 Bxc1 31. Rxc1 Qg5 32. Rf1 Qe3+ 33. Kh2 Qe6 34. Rxf8+ Rxf8 35. Qxe6 1-0

[Event "Piacenza Province-ch"]
[Site "Piacenza"]
[Date "2015.03.08"]
[Round "5"]
[White "Tagliaferri, Valerio"]
[Black "Vincenzi, Marco"]
[Result "0-1"]
[WhiteElo "1824"]
[BlackElo "2089"]
[PlyCount "94"]
[EventDate "2015.03.06"]
[EventType "swiss"]
[EventRounds "5"]
[EventCountry "ITA"]
[SourceTitle "EXT 2017"]
[Source "ChessBase"]
[SourceDate "2016.10.25"]
[SourceVersion "1"]
[SourceVersionDate "2016.10.25"]
[SourceQuality "1"]

1. Nf3 Nf6 2. d4 c5 3. e3 g6 4. Nbd2 Bg7 5. c3 0-0 6. Be2 d6 7. 0-0 Nc6 8. b3 e5 9. dxe5 dxe5 10. e4 Qe7 11. Qc2 Rd8 12. Bb2 Nh5 13. g3 Bh6 14. Rad1 Bh3 15. Rfe1 a6 16. Nh4 Nf4 17. Bf1 Bxf1 18. Kxf1 Nd3 19. Re2 b5 20. Ng2 Rd7 21. Ne3 Bxe3 22. Rxe3 Rad8 23. Nf3 c4 24. Rd2 Qe6 25. Kg2 h5 26. h3 Kg7 27. Bc1 f6 28. b4 g5 29. Ne1 Nxc1 30. Rxd7+ Qxd7 31. Qxc1 Qd2 32. Qb1 g4 33. h4 Kg6 34. Kf1 Qd1 35. Qxd1 Rxd1 36. Re2 Nd4 37. Rb2 Nf3 38. Re2 Rc1 39. Re3 f5 40. exf5+ Kxf5 41. Re2 Rxc3 42. Nxf3 gxf3 43. Re1 Rc2 44. Ra1 Rb2 45. Ke1 Re2+ 46. Kf1 c3 47. Rc1 Rxa2 0-1

[Event "Robecchetto op-A 25th"]
[Site "Robecchetto"]
[Date "2014.12.27"]
[Round "3"]
[White "Tagliaferri, Valerio"]
[Black "Medici, Simone"]
[Result "1-0"]
[WhiteElo "1850"]
[BlackElo "2082"]
[PlyCount "141"]
[EventDate "2014.12.26"]
[EventType "swiss"]
[EventRounds "6"]
[EventCountry "ITA"]
[SourceTitle "EXT 2017"]
[Source "ChessBase"]
[SourceDate "2016.10.25"]
[SourceVersion "1"]
[SourceVersionDate "2016.10.25"]
[SourceQuality "1"]

1. Nf3 Nf6 2. d4 d5 3. e3 c6 4. Bd3 Bg4 5. Nbd2 Nbd7 6. h3 Bh5 7. c3 e6 8. 0-0 Bd6 9. Qc2 0-0 10. Re1 c5 11. b3 e5 12. dxe5 Nxe5 13. Nxe5 Bxe5 14. Bb2 Bc7 15. e4 Re8 16. exd5 Qxd5 17. Ne4 Bg6 18. c4 Qc6 19. Nxf6+ gxf6 20. Bf5 Rxe1+ 21. Rxe1 Re8 22. Rxe8+ Qxe8 23. Kf1 Qd8 24. g3 Qe7 25. Qd3 Qe6 26. Bxg6 hxg6 27. Kg2 f5 28. Qc3 Kf8 29. Qh8+ Ke7 30. Qh4+ Kd7 31. Qf6 Qe4+ 32. Kh2 Ke8 33. Qh8+ Kd7 34. Qf6 Qe8 35. Kg2 b6 36. Qc3 Qe4+ 37. Qf3 Ke6 38. Qxe4+ fxe4 39. f4 f5 40. Bc1 Bd8 41. Be3 Bf6 42. g4 Bc3 43. Kf2 Kd6 44. Ke2 Kc6 45. Kd1 a6 46. Kc2 Be1 47. a3 b5 48. cxb5+ Kxb5 49. Kd1 Bg3 50. Kc2 c4 51. a4+ Kb4 52. Bd2+ Kc5 53. Be3+ Kd5 54. b4 Be1 55. b5 axb5 56. axb5 Bb4 57. b6 Kc6 58. gxf5 gxf5 59. h4 Bf8 60. Kc3 Bg7+ 61. Kxc4 Bf8 62. b7 Kxb7 63. Kd5 Ba3 64. Ke6 Kc6 65. Kxf5 Kd5 66. h5 Bf8 67. Kg6 Bb4 68. f5 Kc4 69. h6 Kd3 70. Bg5 Bc3 71. f6 1-0

[Event "La Piazzetta op 1st"]
[Site "Casalpusterlengo"]
[Date "2014.10.05"]
[Round "5"]
[White "Andolfatto, Maria"]
[Black "Tagliaferri, Valerio"]
[Result "1/2-1/2"]
[WhiteElo "1715"]
[BlackElo "1875"]
[PlyCount "74"]
[EventDate "2014.10.03"]
[EventType "swiss"]
[EventRounds "5"]
[EventCountry "ITA"]
[SourceTitle "EXT 2016"]
[Source "ChessBase"]
[SourceDate "2015.10.08"]
[SourceVersion "1"]
[SourceVersionDate "2015.10.08"]
[SourceQuality "1"]

1. Nf3 Nf6 2. g3 b6 3. Bg2 Bb7 4. 0-0 e6 5. d3 c5 6. c4 Be7 7. b3 0-0 8. Bb2 d5 9. e3 Nbd7 10. Nbd2 Rc8 11. Rc1 Re8 12. d4 Rc7 13. Qe2 Qa8 14. Rfd1 Rec8 15. Qf1 dxc4 16. bxc4 cxd4 17. exd4 Ne4 18. Nxe4 Bxe4 19. Nd2 Bxg2 20. Qxg2 Qxg2+ 21. Kxg2 Bg5 22. f4 Be7 23. a3 Bf6 24. Kf3 Nc5 25. dxc5 Bxb2 26. cxb6 Bxc1 27. bxc7 Bxa3 28. Ra1 Bc5 29. Ne4 Rxc7 30. Nxc5 Rxc5 31. Rxa7 Kf8 32. Ra4 Ke7 33. Ke4 Rc7 34. h3 h5 35. g4 hxg4 36. hxg4 f6 37. Ke3 Kd7 1/2-1/2

[Event "Trieste op 16th"]
[Site "Trieste"]
[Date "2014.09.06"]
[Round "9"]
[White "Blasco, Domenico"]
[Black "Tagliaferri, Valerio"]
[Result "1/2-1/2"]
[WhiteElo "1874"]
[BlackElo "1909"]
[PlyCount "108"]
[EventDate "2014.08.30"]
[EventType "swiss"]
[EventRounds "9"]
[EventCountry "ITA"]
[SourceTitle "CBM 162 Extra"]
[Source "ChessBase"]
[SourceDate "2014.10.17"]
[SourceVersion "1"]
[SourceVersionDate "2014.10.17"]
[SourceQuality "1"]

1. d4 Nf6 2. Nf3 e6 3. e3 b6 4. Bd3 Bb7 5. 0-0 Be7 6. Nbd2 d5 7. b3 0-0 8. Bb2 Nbd7 9. Ne5 Rc8 10. Qf3 c5 11. Qh3 cxd4 12. Nxd7 Qxd7 13. Bxd4 h6 14. Nf3 Rfd8 15. Ne5 Qe8 16. Ng4 Nxg4 17. Qxg4 Bf8 18. f4 Bc6 19. Qe2 Bd6 20. a4 e5 21. fxe5 Bxe5 22. Qh5 Bxd4 23. exd4 Qe3+ 24. Kh1 Rc7 25. Qf5 g6 26. Qf6 Qe7 27. Qf4 Kg7 28. Rae1 Qd6 29. Qh4 Rdd7 30. Rf3 Re7 31. Ref1 Bd7 32. Rf6 Be6 33. Qf2 Rcd7 34. h4 Rd8 35. h5 g5 36. Kg1 Qd7 37. Qg3 Qc7 38. Qf3 Qd7 39. Bf5 Bxf5 40. Rxf5 Qc7 41. Re5 Rd6 42. Rf2 Rxe5 43. dxe5 Re6 44. Qxd5 Qxe5 45. Qxe5+ Rxe5 46. Rd2 Rc5 47. c4 Rc6 48. Kf2 Re6 49. Rd7 a5 50. Rd5 Kf6 51. c5 bxc5 52. Rxc5 Re5 53. Rc6+ Re6 54. Rc5 Re5 1/2-1/2

[Event "Trieste op 16th"]
[Site "Trieste"]
[Date "2014.09.03"]
[Round "6"]
[White "Tagliaferri, Valerio"]
[Black "Heikkila, Antti"]
[Result "1-0"]
[WhiteElo "1909"]
[BlackElo "1953"]
[PlyCount "57"]
[EventDate "2014.08.30"]
[EventType "swiss"]
[EventRounds "9"]
[EventCountry "ITA"]
[SourceTitle "CBM 162 Extra"]
[Source "ChessBase"]
[SourceDate "2014.10.17"]
[SourceVersion "1"]
[SourceVersionDate "2014.10.17"]
[SourceQuality "1"]

1. d4 c5 2. e3 g6 3. Nf3 Bg7 4. Be2 Nf6 5. c4 0-0 6. Nc3 cxd4 7. exd4 d5 8. 0-0 dxc4 9. Bxc4 a6 10. Ne5 b5 11. Bb3 Bb7 12. Be3 Nc6 13. Rc1 Na5 14. a4 b4 15. Ne2 Nd5 16. Bxd5 Qxd5 17. Nf4 Qd6 18. Rc5 Bxe5 19. dxe5 Qxd1 20. Rxd1 Nb3 21. Rc7 Rfd8 22. Rxd8+ Rxd8 23. f3 g5 24. Rxb7 gxf4 25. Bxf4 Nd4 26. Rxb4 Ne2+ 27. Kf1 Rd4 28. Rb8+ Kg7 29. Be3 1-0

[Event "Trieste op 16th"]
[Site "Trieste"]
[Date "2014.08.30"]
[Round "1"]
[White "Tagliaferri, Valerio"]
[Black "Popchev, Milko"]
[Result "0-1"]
[WhiteElo "1909"]
[BlackElo "2240"]
[PlyCount "51"]
[EventDate "2014.08.30"]
[EventType "swiss"]
[EventRounds "9"]
[EventCountry "ITA"]
[SourceTitle "CBM 162 Extra"]
[Source "ChessBase"]
[SourceDate "2014.10.17"]
[SourceVersion "1"]
[SourceVersionDate "2014.10.17"]
[SourceQuality "1"]

1. d4 Nf6 2. c4 c5 3. e3 g6 4. Nc3 Bg7 5. Nf3 0-0 6. Be2 d6 7. 0-0 Nc6 8. d5 Na5 9. Qc2 e6 10. Bd2 exd5 11. Nxd5 Bf5 12. Nxf6+ Bxf6 13. Qa4 Nc6 14. Qa3 a6 15. Bc3 b5 16. Bxf6 Qxf6 17. Rfd1 Bc2 18. Qc3 Qxc3 19. bxc3 Bxd1 20. Rxd1 Ne5 21. cxb5 axb5 22. Rxd6 Nc4 23. Bxc4 bxc4 24. Kf1 Rxa2 25. Ne5 Rb8 26. Nxc4 0-1

[Event "Vescovato Gerolamo op-A 13th"]
[Site "Vescovato"]
[Date "2014.04.27"]
[Round "6"]
[White "Coppola, Federico"]
[Black "Tagliaferri, Valerio"]
[Result "1-0"]
[WhiteElo "1976"]
[BlackElo "1919"]
[PlyCount "70"]
[EventDate "2014.04.25"]
[EventType "swiss"]
[EventRounds "6"]
[EventCountry "ITA"]
[SourceTitle "EXT 2015"]
[Source "ChessBase"]
[SourceDate "2014.11.20"]
[SourceVersion "1"]
[SourceVersionDate "2014.11.20"]
[SourceQuality "1"]

1. Nf3 Nf6 2. c4 e6 3. g3 b6 4. Bg2 Bb7 5. 0-0 Ne4 6. d3 Nd6 7. b3 Be7 8. Bb2 Bf6 9. d4 0-0 10. Re1 c5 11. e3 Qc7 12. Nc3 Ne4 13. Rc1 Nxc3 14. Bxc3 d6 15. e4 Rd8 16. d5 Bxc3 17. Rxc3 e5 18. Nh4 Bc8 19. f4 Qe7 20. fxe5 Qxe5 21. Rce3 Re8 22. Nf3 Qe7 23. e5 Bd7 24. Qd2 Na6 25. exd6 Qxd6 26. Ne5 Rad8 27. Qf2 f6 28. Nxd7 Qxd7 29. Bh3 Qf7 30. Be6 Rxe6 31. Rxe6 Qb7 32. Re7 Rd7 33. Re8+ Kf7 34. Qf5 g6 35. Qe6+ Kg7 1-0

[Event "Vescovato Gerolamo op-A 13th"]
[Site "Vescovato"]
[Date "2014.04.26"]
[Round "4"]
[White "Ficco, Corrado"]
[Black "Tagliaferri, Valerio"]
[Result "1-0"]
[WhiteElo "2054"]
[BlackElo "1919"]
[PlyCount "82"]
[EventDate "2014.04.25"]
[EventType "swiss"]
[EventRounds "6"]
[EventCountry "ITA"]
[SourceTitle "EXT 2015"]
[Source "ChessBase"]
[SourceDate "2014.11.20"]
[SourceVersion "1"]
[SourceVersionDate "2014.11.20"]
[SourceQuality "1"]

1. e4 c6 2. d4 d5 3. exd5 cxd5 4. c4 Nf6 5. Nc3 Nc6 6. Nf3 Bg4 7. cxd5 Nxd5 8. Qb3 Bxf3 9. gxf3 Nb6 10. Be3 e6 11. 0-0-0 Be7 12. d5 exd5 13. Bxb6 Qxb6 14. Qxb6 axb6 15. Nxd5 Bd8 16. Bb5 0-0 17. a4 Re8 18. Rhe1 Rxe1 19. Rxe1 Kf8 20. Re4 f5 21. Re1 Ne7 22. Nf4 Nc6 23. Ne6+ Kf7 24. Kb1 Bh4 25. Nc7 Rf8 26. Bc4+ Kg6 27. Ne6 Rf6 28. Re2 Kh6 29. Kc2 g6 30. Kc3 Rf7 31. b4 Re7 32. Bd5 Bf6+ 33. Kc4 Kh5 34. f4 Kg4 35. Kb5 Bd4 36. Bxc6 bxc6+ 37. Kxc6 Bc3 38. b5 Ba5 39. Re3 Kh5 40. Kd6 Rf7 41. Ng5 Rg7 1-0

[Event "Melegnano op 13th"]
[Site "Melegnano"]
[Date "2014.03.01"]
[Round "3"]
[White "Salvador, Roland"]
[Black "Tagliaferri, Valerio"]
[Result "1-0"]
[WhiteElo "2462"]
[BlackElo "1892"]
[PlyCount "49"]
[EventDate "2014.02.28"]
[EventType "swiss"]
[EventRounds "5"]
[EventCountry "ITA"]
[SourceTitle "EXT 2015"]
[Source "ChessBase"]
[SourceDate "2014.11.20"]
[SourceVersion "1"]
[SourceVersionDate "2014.11.20"]
[SourceQuality "1"]

1. c4 f5 2. d4 Nf6 3. g3 e6 4. Bg2 Be7 5. Nh3 d6 6. b4 c6 7. 0-0 0-0 8. Qb3 Bd7 9. Nd2 Be8 10. e4 fxe4 11. Nxe4 Nxe4 12. Bxe4 Nd7 13. Qd3 Nf6 14. Ng5 Nxe4 15. Nxe6 Nxf2 16. Rxf2 Bg6 17. Qa3 Qb6 18. c5 Qb5 19. Nxf8 Rxf8 20. Rxf8+ Bxf8 21. Bf4 Be4 22. Qe3 d5 23. Rf1 Qxb4 24. Qf2 Bd3 25. Bd6 1-0

[Event "Milan Crespi op-A 34th"]
[Site "Milan"]
[Date "2013.12.05"]
[Round "2"]
[White "Tagliaferri, Valerio"]
[Black "Ciciotti, Augusto Walter"]
[Result "1-0"]
[WhiteElo "1874"]
[BlackElo "1934"]
[PlyCount "55"]
[EventDate "2013.12.04"]
[EventType "swiss"]
[EventRounds "7"]
[EventCountry "ITA"]
[SourceTitle "EXT 2024"]
[Source "ChessBase"]
[SourceDate "2023.10.10"]
[SourceVersion "1"]
[SourceVersionDate "2023.10.10"]
[SourceQuality "1"]

1. d4 Nf6 2. c4 g6 3. Nc3 Bg7 4. Bg5 0-0 5. e3 d6 6. Nf3 Nbd7 7. Qc2 c6 8. Bd3 e5 9. 0-0 Qc7 10. b4 Re8 11. a4 a6 12. b5 d5 13. Nxe5 Nxe5 14. dxe5 dxc4 15. Bxf6 cxd3 16. Qxd3 Bxf6 17. exf6 Qe5 18. bxc6 bxc6 19. Rfd1 Qxf6 20. Ne4 Qf5 21. f3 Be6 22. Qc3 Red8 23. Nf6+ Kg7 24. Ng4+ f6 25. Qxc6 Rdc8 26. Qb7+ Kh8 27. Qe7 Rf8 28. e4 1-0

[Event "Crema op 15th"]
[Site "Crema"]
[Date "2013.08.30"]
[Round "2"]
[White "Aleksic, Nenad"]
[Black "Tagliaferri, Valerio"]
[Result "0-1"]
[WhiteElo "2357"]
[BlackElo "1862"]
[PlyCount "108"]
[EventDate "2013.08.30"]
[EventType "swiss"]
[EventRounds "6"]
[EventCountry "ITA"]
[SourceTitle "EXT 2015"]
[Source "ChessBase"]
[SourceDate "2014.11.20"]
[SourceVersion "1"]
[SourceVersionDate "2014.11.20"]
[SourceQuality "1"]

1. e4 c6 2. d4 d5 3. Nc3 dxe4 4. Nxe4 Bf5 5. Ng3 Bg6 6. Nf3 Nd7 7. Bc4 e6 8. 0-0 Ngf6 9. Qe2 Qc7 10. Bb3 Be7 11. c3 0-0 12. Nh4 Nd5 13. Nxg6 hxg6 14. Ne4 Rfe8 15. Qf3 b5 16. a3 N7b6 17. Ng5 Bd6 18. g3 Nf6 19. Ne4 Nxe4 20. Qxe4 Nd5 21. Bd2 a6 22. Rfe1 Kf8 23. Rac1 Nb6 24. c4 bxc4 25. Bxc4 Qb7 26. Ba2 Nd5 27. Rc2 Rec8 28. Rec1 a5 29. Bc4 a4 30. Qf3 Kg8 31. h4 Qd7 32. Bg5 Qe8 33. Kg2 Rab8 34. Rh1 Be7 35. Bd2 Bf6 36. Qe4 Qd8 37. h5 gxh5 38. Rxh5 g6 39. Rh1 Qb6 40. Be3 Qd8 41. Rhc1 Nxe3+ 42. fxe3 c5 43. Ba6 Rc7 44. Rxc5 Rxc5 45. Rxc5 Rxb2+ 46. Kf3 Kg7 47. Rc8 Qa5 48. Be2 Qh5+ 49. Qg4 Qh1+ 50. Kf2 Qh2+ 51. Ke1 Qg1+ 52. Bf1 Qxe3+ 53. Be2 Rb1+ 54. Rc1 Rxc1# 0-1

[Event "Arco Christmas op 3rd"]
[Site "Arco"]
[Date "2012.12.27"]
[Round "3"]
[White "Tagliaferri, Valerio"]
[Black "Spornberger, Maximilian"]
[Result "0-1"]
[WhiteElo "1814"]
[BlackElo "2265"]
[PlyCount "66"]
[EventDate "2012.12.26"]
[EventType "swiss"]
[EventRounds "7"]
[EventCountry "ITA"]
[SourceTitle "CBM 152 Extra"]
[Source "ChessBase"]
[SourceDate "2013.02.25"]
[SourceVersion "1"]
[SourceVersionDate "2013.02.25"]
[SourceQuality "1"]

1. e4 g6 2. d4 Bg7 3. Be3 d6 4. Bc4 e6 5. Nc3 Nd7 6. a3 a6 7. Nge2 Ne7 8. Qd2 b5 9. Ba2 h6 10. f3 Bb7 11. 0-0-0 Nb6 12. d5 e5 13. Qd3 Qd7 14. g4 Nec8 15. h4 Na7 16. b4 Nac8 17. h5 g5 18. Bb3 Na4 19. Bxa4 bxa4 20. Kd2 0-0 21. Rb1 Rd8 22. Rb2 c6 23. Rhb1 cxd5 24. Nxd5 Bxd5 25. Qxd5 Ne7 26. Qd3 d5 27. Ke1 Qe6 28. Bc5 dxe4 29. Qxe4 f5 30. gxf5 Nxf5 31. c4 Nh4 32. Qg4 Qc6 33. Qe4 Nxf3+ 0-1

[Event "Codogno op-A 4th"]
[Site "Codogno"]
[Date "2012.09.21"]
[Round "1"]
[White "Castrogiovanni, Carlo"]
[Black "Tagliaferri, Valerio"]
[Result "1-0"]
[WhiteElo "1963"]
[BlackElo "1807"]
[PlyCount "121"]
[EventDate "2012.09.21"]
[EventType "swiss"]
[EventRounds "5"]
[EventCountry "ITA"]
[SourceTitle "EXT 2016"]
[Source "ChessBase"]
[SourceDate "2015.10.08"]
[SourceVersion "1"]
[SourceVersionDate "2015.10.08"]
[SourceQuality "1"]

1. d4 f5 2. Nc3 Nf6 3. Bg5 d5 4. Nf3 Nbd7 5. e3 e6 6. a3 a5 7. Bd3 c6 8. 0-0 Bd6 9. Ne2 0-0 10. c4 h6 11. Bf4 Bxf4 12. Nxf4 Qe8 13. b4 g5 14. Ne2 Ne4 15. b5 dxc4 16. Bxc4 Nb6 17. Bd3 cxb5 18. Ne5 Nd6 19. Qb3 Bd7 20. Nc3 Bc6 21. Rab1 Nbc4 22. Nxc4 Nxc4 23. Bxc4 bxc4 24. Qxc4 Rc8 25. Qb3 Qf7 26. Nb5 Qe7 27. Na7 Bd5 28. Nxc8 Rxc8 29. Qb2 Bc4 30. Rfc1 b5 31. Rc3 a4 32. Rbc1 h5 33. f3 Rf8 34. Qc2 Rf7 35. Rxc4 bxc4 36. Qxa4 f4 37. e4 g4 38. fxg4 hxg4 39. Rxc4 Qh4 40. Rc1 f3 41. Rf1 g3 42. hxg3 Qxe4 43. gxf3 Rxf3 44. Qe8+ Kg7 45. Qe7+ Kh8 46. Qe8+ Kh7 47. Qe7+ Kh8 48. Rxf3 Qxf3 49. Qh4+ Kg7 50. Qg5+ Kh7 51. Qe5 Qxa3 52. Kh2 Qf3 53. Kh3 Qh1+ 54. Kg4 Qd1+ 55. Kg5 Qf3 56. Qc7+ Kg8 57. Qd8+ Kf7 58. Qd7+ Kf8 59. Qd6+ Kg7 60. Qe7+ Kh8 61. Qf6+ 1-0

[Event "Crema op 14th"]
[Site "Crema"]
[Date "2012.09.01"]
[Round "4"]
[White "Swannie, Douglas"]
[Black "Tagliaferri, Valerio"]
[Result "1/2-1/2"]
[WhiteElo "1922"]
[BlackElo "1807"]
[PlyCount "93"]
[EventDate "2012.08.31"]
[EventType "swiss"]
[EventRounds "6"]
[EventCountry "ITA"]
[SourceTitle "EXT 2014"]
[Source "ChessBase"]
[SourceDate "2013.11.20"]
[SourceVersion "1"]
[SourceVersionDate "2013.11.20"]
[SourceQuality "1"]

1. d4 f5 2. g3 Nf6 3. Bg2 e6 4. Nf3 Be7 5. 0-0 0-0 6. b3 d5 7. Ba3 Nbd7 8. Bxe7 Qxe7 9. Nc3 Ne4 10. Nxe4 fxe4 11. Nd2 e5 12. c3 c6 13. e3 Nf6 14. h3 h5 15. Qe1 Bf5 16. f4 exf3 17. Nxf3 e4 18. Ne5 Nd7 19. Nxd7 Qxd7 20. Kh2 Rf6 21. Qe2 g6 22. Rf2 Raf8 23. Raf1 Kg7 24. b4 R8f7 25. a3 Qd6 26. h4 Qf8 27. Rf4 a5 28. Qb2 axb4 29. axb4 Qc8 30. Ra1 Kh6 31. Qf2 g5 32. hxg5+ Kxg5 33. Rf1 Qe6 34. Qg1 Qd6 35. Qh1 Bg4 36. Kg1 Qe6 37. Qh4+ Kg6 38. Rxf6+ Rxf6 39. Rxf6+ Qxf6 40. Qxf6+ Kxf6 41. Bf1 Ke6 42. Kf2 Kd6 43. Ke1 b6 44. Kd2 c5 45. bxc5+ bxc5 46. Bb5 c4 47. Be8 1/2-1/2

[Event "Crema op 14th"]
[Site "Crema"]
[Date "2012.09.01"]
[Round "3"]
[White "Tagliaferri, Valerio"]
[Black "Ranfagni, Stefano"]
[Result "1/2-1/2"]
[WhiteElo "1807"]
[BlackElo "1980"]
[PlyCount "87"]
[EventDate "2012.08.31"]
[EventType "swiss"]
[EventRounds "6"]
[EventCountry "ITA"]
[SourceTitle "EXT 2014"]
[Source "ChessBase"]
[SourceDate "2013.11.20"]
[SourceVersion "1"]
[SourceVersionDate "2013.11.20"]
[SourceQuality "1"]

1. g3 d5 2. d4 e6 3. Bg2 c6 4. Nf3 f5 5. Bf4 Nf6 6. Nbd2 Be7 7. e3 0-0 8. Qe2 h6 9. h4 b6 10. Bxb8 Rxb8 11. Ne5 Bb7 12. Ng6 Rf7 13. Ne5 Rf8 14. Ng6 Re8 15. Nf3 Nd7 16. Nfe5 Bf6 17. Nxd7 Qxd7 18. f4 c5 19. c3 Bc6 20. Kf2 Rec8 21. Rhe1 Qf7 22. Ne5 Bxe5 23. dxe5 Rd8 24. Red1 Qb7 25. Rd2 a6 26. b3 a5 27. a3 Qc7 28. Rad1 Ba8 29. Qh5 c4 30. b4 Bc6 31. Ra1 Qf7 32. Qxf7+ Kxf7 33. Bf3 Ra8 34. bxa5 Rxa5 35. Bd1 Rda8 36. Rda2 Ba4 37. Bxa4 Rxa4 38. h5 R8a5 39. Ke2 Rb5 40. Kd2 Rb3 41. Kc2 g6 42. hxg6+ Kxg6 43. Rb2 Rxb2+ 44. Kxb2 1/2-1/2

[Event "Crema op 14th"]
[Site "Crema"]
[Date "2012.08.31"]
[Round "2"]
[White "Tedoldi, Guido"]
[Black "Tagliaferri, Valerio"]
[Result "0-1"]
[WhiteElo "1600"]
[BlackElo "1807"]
[PlyCount "58"]
[EventDate "2012.08.31"]
[EventType "swiss"]
[EventRounds "6"]
[EventCountry "ITA"]
[SourceTitle "EXT 2014"]
[Source "ChessBase"]
[SourceDate "2013.11.20"]
[SourceVersion "1"]
[SourceVersionDate "2013.11.20"]
[SourceQuality "1"]

1. c4 f5 2. Nf3 Nf6 3. Nc3 Nc6 4. d3 e5 5. e4 Bb4 6. exf5 d6 7. Be2 Bxf5 8. Bd2 0-0 9. 0-0 a6 10. Rc1 Qd7 11. a3 Bc5 12. Be3 Bxe3 13. fxe3 h6 14. e4 Be6 15. Nd5 Ne7 16. Qd2 Rf7 17. Rf2 Raf8 18. Rcf1 Bxd5 19. cxd5 Ng4 20. Nxe5 Nxe5 21. Rxf7 Rxf7 22. Rxf7 Nxf7 23. Qf4 Ng6 24. Qg3 Ngh8 25. Bg4 Qd8 26. Be6 Qf6 27. Qe3 Qxb2 28. Qa7 Qc1+ 29. Kf2 Qc5+ 0-1